| 000 | 00903nam a2200217 a 4500 | ||
|---|---|---|---|
| 001 | 000027248 | ||
| 005 | 20240422203112.0 | ||
| 008 | 110330s1970 dr 000 | spa d | ||
| 040 |
_aDO-SdBNP _bspa _cBNPHU |
||
| 082 |
_a361.97293 _bS237m |
||
| 100 | 1 |
_aSantos Noboa, Gladys E. de los, _d1902- _954303 |
|
| 245 | 1 | 0 |
_aManual de información sobre las actividades de asistencia social en la República Dominicana / _cGladys E. de los Santos Noboa. |
| 260 |
_aSanto Domingo : _bImpresora Arte y Cine, _c1970. |
||
| 300 |
_a103 p. ; _c23 cm. |
||
| 590 | _aInventariado, 2018/ YL | ||
| 650 | 4 |
_aTrabajo social _zRepública Dominicana _914028 |
|
| 650 | 0 |
_aProblemas sociales _99290 |
|
| 650 | 4 |
_aAsistencia pública _zRepública Dominicana _97176 |
|
| 651 | 4 |
_aRepública Dominicana _xPresidente(1966-1978: Balaguer{Rpara} _xCorrespondencia, Memorias, Etc. _954304 |
|
| 910 | _aValidado. Control de calidad EMS | ||
| 999 |
_c26740 _d26740 |
||